00653cam a22001457a 4500008004000000082002400040100007300064245012500137260005000262300001400312500003700326700003000363999001900393952009500412180718b1959 xxu||||| |||| 00| 0 eng d aB835x42 Un3r/59m/25 aUnited Kingdom. Royal Commission on Local Government in Great London aRoyal Commission on local government in Greater London: minutes of evidence 25, twenty-fifth day, friday, 19th June 1959 aLondonbHer Majesty's Stationery Officec1959 aP964-1003 aBound with B835x42 Un3r/59m/1-26 aHerbert, Edward, Chairman c392887d392887 00104070aIIPAbIIPAd2000-04-06oB835x42 Un3r/59m/25p20117r2018-07-21w2018-07-21yBK